|
|
|
|
| LEADER |
00000nam a22000007a 4500 |
| 005 |
20181227112145.0 |
| 007 |
cr|||| |||| |
| 008 |
181227s2018 co |||||s|||| 00||0 spa d |
| 020 |
|
|
|a 978-958-784-033-9
|
| 035 |
|
|
|a 22645
|
| 040 |
|
|
|a vLex
|
| 090 |
|
|
|c 8385
|d 8385
|
| 100 |
1 |
|
|a Franco-Cuervo, Ana Beatriz
|
| 245 |
1 |
0 |
|a Elecciones y sistemas electorales en Colombia, 1810-2014
|h [Recurso electrn̤ico] /
|c Ana Beatriz Franco-Cuervo
|
| 256 |
|
|
|a Servicio en ln̕ea
|
| 260 |
|
|
|a Bogot:̀
|b Editorial Universidad de Rosario (Colombia),
|c 2018
|
| 300 |
|
|
|a 1 recurso electrn̤ico
|
| 500 |
|
|
|a Las elecciones y los sistemas electorales son conceptos de uso corriente de los cuales se habla mucho, pero acadm̌icamente se sabe muy poco. Los sistemas electorales son considerados, mayoritaria y peyorativamente, como una tčnica estřil y poco interesante, pues sus especificaciones se encuentran en farragosos y mont̤onos textos, como las respectivas constituciones, actos legislativos, cd̤igos electorales, leyes y decretos. Estos textos, sin duda, son de difc̕il comprensin̤ y difusin̤. No obstante, quien logre descifrar el componente tčnico lograr ̀entender un asunto mays︢culo, a saber: cm̤o es que se adquiere y legitima el poder y, dependiendo del sistema que se escoja, podr ̀encontrar que con una misma cantidad de votos se obtienen diferentes resultados (ganadores y perdedores, algo as ̕como con cara gano yo y con sello pierde usted). En este libro se encuentra una explicacin̤ sencilla de los diferentes sistemas electorales que se han implementado en Colombia, su tiempo de duracin̤ (reformas y contrarreformas) y, parcialmente (debido a la precariedad de las estads̕ticas electorales), una elucidacin̤ de su direccionamiento en la concentracin̤ del poder en unas pocas ‘ľites’. Esta sistematizacin̤ est ̀soportada n︢ica y exclusivamente en las fuentes primarias oficiales, disponibles en los anexos virtuales.
|
| 506 |
1 |
|
|a Disponible solo en los productos indicados
|d vLex Global
|d vLex Global (Academic Edition, excluding Law Schools)
|d vLex Global (U.S. Academic Edition, Law Schools)
|d vLex Global (U.S. Academic Edition, excluding Law Schools)
|d vLex Global (Academic Edition, Law Schools)
|
| 650 |
0 |
4 |
|a Ciencia polt̕ica
|z Colombia
|
| 740 |
0 |
|
|a vLex Libros (Servicio en ln̕ea)
|
| 856 |
4 |
0 |
|u http://vlex.com/source/elecciones-y-sistemas-electorales-en-colombia-1810-2014-22645
|z Acceso restringido
|
| 942 |
|
|
|c BOOK
|
| 999 |
0 |
|
|a Politic science
|